000 00932cam a2200313 4500
999 _c128318
_d128318
001 3240544
003 ARRUPE
005 20181008111107.0
008 710628s1971 enkafh b 000 0 eng b
010 _a 79501306
015 _aB71-03498
020 _a0713901403
040 _aDLC
_cDLC
_dDLC
043 _af-nr---
050 0 0 _aR653.N6
_bM3
060 _aWZ 309 M163m 1971
082 0 0 _a615/.882/096692
100 1 _aMaclean, Una.
_942775
245 1 0 _aMagical medicine:
_ba Nigerian case-study.
_cUna Maclean
260 _aMiddlesex,
_bPenguin Books,
_c1974.
300 _a166 p.;
_c19 cm.
504 _aBibliography: p. 157-[167]
650 2 _aFolk medicine
_zNigeria
_942776
906 _a7
_bcbc
_corignew
_d3
_encip
_f19
_gy-gencatlg
942 _2lcc
_cMONOGRAPH